Statistiques concernant Ligne 10 du métro de Paris

Cliquez ici pour prendre le quiz!

Statistiques générales

  • Ce quiz a été pris 453 fois
  • Le résultat moyen est 17 sur 23

Statistiques - réponses

#Réponse% Correct
23Gare d'Austerlitz
92%
14Duroc
84%
18Odéon
83%
19Cluny - La Sorbonne
82%
22Jussieu
82%
4Michel-Ange - Molitor
81%
16Sèvres - Babylone
80%
5Michel-Ange - Auteuil
79%
12La Motte-Picquet - Grenelle
78%
17Mabillon
77%
3Porte d'Auteuil
77%
7Église d'Auteuil
74%
20Maubert - Mutualité
73%
1Boulogne - Pont de Saint-Cloud
72%
21Cardinal Lemoine
72%
9Javel - André Citroën
72%
11Avenue Émile-Zola
71%
10Charles Michel
71%
15Vaneau
71%
13Ségur
70%
2Boulogne - Jean Jaurès
68%
8Mirabeau
65%
6Chardon-Lagache
59%

Distribution des résultats

Percentile par nombre de réponses

% des personnes avec chaque résultat

Votre développement - résultats

Vous n’avez pas pris ce quiz